[Event "CHI-chT"]
[Site "Santiago de Chile"]
[Date "2019.09.26"]
[Round "3.1"]
[White "Liempi Pailapan, Emilio"]
[Black "Marileo Araneda, Natanael"]
[Result "1-0"]
[WhiteElo "1976"]
[BlackElo "1674"]
[PlyCount "49"]
[EventDate "2019.09.05"]
[EventType "team-swiss"]
[EventRounds "9"]
[EventCountry "CHI"]
[SourceTitle "CBM 193 Extra"]
[Source "ChessBase"]
[SourceDate "2020.01.31"]
[SourceVersion "1"]
[SourceVersionDate "2020.01.31"]
[SourceQuality "1"]
[WhiteTeam "Capablanca CC"]
[BlackTeam "Academia Club Chile"]
[WhiteTeamCountry "CHI"]
[BlackTeamCountry "CHI"]

1. c4 Nf6 2. Nc3 g6 3. Nf3 d5 4. d4 Bg7 5. cxd5 Nxd5 6. e4 Nxc3 7. bxc3 c5 8. Bc4 Bg4 9. Bxf7+ Kf8 10. Bd5 Nc6 11. h3 Bd7 12. 0-0 e6 13. Bc4 Na5 14. Bd3 h6 15. e5 Be8 16. Ba3 Kg8 17. Bxc5 b6 18. Ba3 Rc8 19. Rc1 Nc4 20. Bxc4 Rxc4 21. Nd2 Ra4 22. Bd6 Rxa2 23. Ne4 Bc6 24. Re1 Qh4 25. Qb3 1-0